000 01193pam a2200325 i 4500
001 4312508
003 EG-ScBUE
005 20250422113850.0
008 870319r19891988enka f b 001 0 eng d
020 _a0471915335 (pbk.)
020 _a9780471915331
040 _aEG-ScBUE
_beng
_erda
_cEG-ScBUE
_dEG-ScBUE
082 0 4 _a530.13
_222
_bMAN
100 1 _aMandl, F.
_q(Franz),
_d1923-
_eauthor.
_95999
245 1 0 _aStatistical physics /
_cF. Mandl, Department of Theoretical Physics, University of Manchester.
250 _aSecond edition.
250 _aReprint edition.
264 1 _aChichester :
_bJohn Wiley & Sons,
_c1989.
300 _axv, 385 pages :
_billustrations ;
_c23 cm.
336 _2rdacontent
_atext
_btxt
337 _aunmediated
_2rdamedia
_bn
338 _avolume
_bnc
_2rdacarrier
490 0 _aThe Manchester physics series
504 _aIncludes bibliographical references and index.
650 7 _aStatistical physics.
_96001
_2BUEsh
655 _vReading book
856 4 2 _3Publisher description
_uhttp://www.loc.gov/catdir/description/wiley032/87008283.html
856 4 _3Table of Contents
_uhttp://www.loc.gov/catdir/toc/onix02/87008283.html
942 _2ddc
_cBB
999 _c11788
_d11788